000 00585nam a2200205 i 4500
001 47800
003 ES-MaACL
005 20230906161632.0
007 t|
008 030527s2001 sp ||||0| spa j
020 _a84-03-09268-7
040 _aM-BN
_bspa
_cM-BN
080 _a821.134.2-92"19"(082.2)
245 0 0 _aCrónicas de un tiempo
_b: 25 años de periodismo de autor.
250 _a1ª ed.
260 _aMadrid :
_bAguilar,
_c2001.
300 _a387 p. ;
_c24 cm.
650 1 4 _aArtículos periodísticos-
_zEspaña-
_yS.XX.
_910353
852 _aES-MaACL
_jL-26382
_bR.132142
999 _c47800
_d47800